LEADER 01272nam a2200289 u 4500 001 000000064384 003 CaOOAMICUS 005 20070226121342.0 008 011119s1954 gw u000 u ger u 035 $a10910320 040 $aPUL(R)$bita 100 1 $aBoehner, Philotheus,$cO.F.M.,$dm. 1955.$0(OLS)http://pul/name/3226 245 10$aChristliche Philosophie :$bvon ihren Anfängen bis Nikolaus von Kues /$cin Zusammerbeit Philotheus Böhner, Etienne Gilson. 250 $a2., neubearbeitete Aufl. 260 $aPaderborn :$bF. Schöningh,$c1954. 300 $axxxii, 655 p. ;$c25 cm 500 $aComprende indici. 504 $aBibliografia in nota. 650 4$aFilosofia$xStoria$yEvo medio.$0(OLS)http://pul/subject/13988 650 4$aFilosofia cristiana$yEvo medio.$0(OLS)http://pul/subject/5142 700 1 $aGilson, Etienne,$d1884-1978.$0(OLS)http://pul/name/629 850 $aPUL 852 $aPUL$W1$xSL Filosofia 1$y2$m84 F 26$j83465$nBK-PRI$b $qStampati$B83465$CPULBib$Z2$F83465 $H $81 941 1 $a8 961 $aINV: 265 996 $6245$aChristliche Philosophie :$bvon ihren Anfängen bis Nikolaus von Kues$9(OLS)http://pul/title/85792 996 $6260$aPaderborn :$bF. Schöningh$9(OLS)http://pul/publisher/47993 LEADER 01524nam a2200313 a 4500 001 000000132953 003 CaOOAMICUS 005 20130221121237.0 008 130221s2011 it u000 u ita r 020 $a978-88-7367-142-8 040 $aPUL$bita 082 04$a253 100 1 $aDal Covolo, Enrico,$cSDB, vescovo,$d1950-$0(OLS)http://pul/name/6077 245 11$a"Chi è Gesù Cristo?" :$bLa questione di Dio nel Vangelo di Marco /$cEnrico dal Covolo. 260 $aRoma :$bCentro Liturgico Vincenziano,$c2011. 300 $a47 p. ;$c21 cm. 490 1 $aQuaderni di Pastorale Universitaria ;$v03 500 $aIn testa al front : Vicariato di Roma, Ufficio della Pastorale Universitaria. 630 04$aBiblia.$pN.T.$pMarcus$xCritica e interpretazione.$0(OLS)http://pul/subject/37840 710 2 $aVicariato di Roma - Ufficio Pastorale Universitaria.$0(OLS)http://pul/name/59561 830 0$aQuaderni di Pastorale Universitaria (Centro Liturgico Vincenziano) ;$v03.$0(OLS)http://pul/title/154556 850 $aPUL 852 $aPUL$W1$xSL Religione 3$y85$m253 DALEN 3$j152884$qDDC 21$B152338$CPULBib$Z2$F152338 $H121659 $82 941 1 $a9 996 $6020$a978-88-7367-142-8$9(OLS)http://pul/number/151958 996 $6082$a253$9(OLS)http://pul/classification/487 996 $6245$a"Chi è Gesù Cristo?" :$bLa questione di Dio nel Vangelo di Marco$9(OLS)http://pul/title/167969 996 $6260$aRoma :$bCentro Liturgico Vincenziano$9(OLS)http://pul/publisher/54328